[Event "ESP-chT"]
[Site "Sanxenxo"]
[Date "2004.11.21"]
[Round "4"]
[White "Illescas Cordoba, Miguel"]
[Black "Carlsen, Magnus"]
[Result "1/2-1/2"]
[WhiteElo "2626"]
[BlackElo "2581"]
[Annotator "Hazai,L"]
[PlyCount "92"]
[EventDate "2004.11.18"]
[EventType "team"]
[EventRounds "9"]
[EventCountry "ESP"]
[SourceTitle "CBM 105"]
[Source "ChessBase"]
[SourceDate "2005.04.11"]
[SourceVersion "1"]
[SourceVersionDate "2005.04.11"]
[SourceQuality "1"]

1. Nf3 Nf6 2. c4 g6 3. Nc3 Bg7 4. e4 O-O 5. d4 c6 6. Be2 d5 7. e5 Ne4 8. O-O (
8. Nxe4 {- Murdzia-G.Kuzmin, Swidnica 1999 CBM 71}) (8. cxd5 {-
Fassnacht-Lisanti, Rheinhessen ch 1997}) 8... Nxc3 (8... Bf5 {-
Illescas-Herraiz Lopez, Albacete 1999}) 9. bxc3 dxc4 (9... b6 10. Be3 (10. a4
Ba6 {Black wants to blockade the position on >< c4.} 11. cxd5 Qxd5 (11... cxd5
12. Bb5 Qc8 13. Ba3 Qb7 14. e6 Nc6 15. exf7+ Rxf7 16. Qe2 Bxb5 17. axb5 Na5 18.
Ng5 $16 {Topalov-Svidler, Prague 2002}) 12. Ba3 Re8 13. Re1 Bxe2 14. Qxe2 b5
15. Rab1 a6 16. c4 bxc4 17. Rec1 Bh6 18. Rc2 Nd7 19. Qxc4 $14 {
Rashkovsky-Epishin, RUS-ch Elista 1995}) 10... Ba6 11. Nd2 e6 12. f4 Qe7 13. a4
Nd7 $2 {This is a clear blunder.} 14. cxd5 $1 Bxe2 15. d6 $1 {Zwischenzug!}
Bxd1 16. dxe7 Rfe8 17. Rfxd1 Rxe7 18. c4 Kf8 19. Ne4 $18 {Schebler-R.Ruck,
Budapest 1998}) (9... Nd7 10. cxd5 (10. a4 Nb6 11. c5 Nc4 12. Nd2 {1/2-1/2
Krivoshey-L.Vajda, Balatonlelle 2004}) 10... cxd5 11. h4 Nb6 12. h5 Bg4 13. Ng5
Bxe2 14. Qxe2 Qc8 15. e6 $36 {Berg-Nunn, Germany 1984}) 10. Bxc4 c5 11. Be3 (
11. h3 {against Bg4.} Nc6 (11... cxd4 12. cxd4 Nc6 13. Be3 Na5 14. Bd3 Be6 15.
Qe2 Bd5 16. Rfc1 Qd7 17. Nd2 Rac8 18. Ne4 b6 $11 {Sakalauskas-Wojtkiewicz,
playchess.com 2004}) 12. a3 {securing the a2-g8 /^ for the B.} (12. Re1 cxd4
13. cxd4 Na5 14. Bd3 Be6 15. Be3 Rc8 16. Qd2 Bd5 17. Nh2 Nc4 18. Bxc4 Rxc4 19.
Bh6 Bc6 20. Bxg7 Kxg7 21. Ng4 Rxd4 22. Qg5 Qd5 $15 {Sulskis-M.Carlsen, Moscow
2004}) 12... b6 13. Re1 Qc7 14. Ba2 {crisper than} (14. Bg5 Bb7 15. Qe2 e6 16.
Ba6 Bxa6 17. Qxa6 cxd4 18. cxd4 Qd7 $11 {D.Gurevich-Gutman, Bad Zwesten op 1997
}) 14... Bb7 15. Bf4 $14) (11. d5 $5 {is overestimating White's chances.} Bg4
12. Bf4 Nd7 13. Re1 Nb6 {Black has an enormous pressure on White's central
pawns.} 14. Qb3 Qd7 15. Bg3 Bxf3 16. gxf3 Qf5 17. Bf1 h5 {/\ h4} (17... Qxf3
18. Bg2) 18. h4 c4 $5 19. Bxc4 Rac8 20. Bf1 Qxf3 21. c4 Qg4 22. Rad1 Nxc4 $13 {
Shipov-Kengis, Lubniewice 1998}) (11. Re1 cxd4 (11... Qc7 12. Qb3 Nc6 13. Ng5
$1 e6 14. Ba3 Rd8 15. Bb5 (15. Bxc5 $2 {Jacimovic} Na5 16. Qb4 b6) 15... b6 16.
Rac1 Na5 17. Qb2 (17. Qb1 Bb7) 17... Bb7 18. Ne4 $16 {Jacimovic-Ivanisevic,
FYROM 85/469 2002}) 12. cxd4 Bg4) 11... Nc6 12. Ng5 Na5 13. Bd3 cxd4 14. cxd4
h6 15. Ne4 f5 (15... Be6 16. Qe2 b6 {The N on a5 is badly placed, he cannot
get to d5.} 17. Rac1 Rc8 18. Rxc8 Qxc8 19. Rc1 Qa8 20. Nc3 $14 {Weglarz-Blehm,
Glogow 2001}) 16. exf6 (16. Nc5 {is an interesting positional piece sacrifice:}
f4 17. Bxg6 $1 fxe3 18. fxe3 b6 19. Bc2 Rxf1+ 20. Qxf1 Qf8 21. Qe2 bxc5 22. Rf1
Bf6 23. Qd3 Qf7 {1/2-1/2 Teplitsky-Blehm, Paget Parish 2001}) 16... exf6 17.
Nd2 (17. Nc5 f5) (17. Qd2 f5 18. Nc3 Kh7) 17... f5 18. Nf3 Be6 (18... Nc6 {
The cold-blooded} 19. Rc1 {was interesting, because} (19. Bc4+ $2 Kh7 20. Qd2
f4 $1 21. Bxf4 Nxd4 $17) (19. Ne5 $5 Nxe5 (19... Bxe5 20. Qb3+ (20. dxe5 Nxe5)
20... Kh7 21. dxe5 Nxe5 22. Bb5 f4 23. Bc5 Rf5 24. Rfe1 $44 {and White's ^^ is
very active fully compensating the lost P.}) 20. dxe5 Bxe5 21. Bxh6 Qh4 22. f4
$1 Qxh6 23. Bc4+ (23. fxe5 {loses the P, but White's lead of development is
also an important factor.} Qe3+ 24. Kh1 Qxe5 25. Re1 Qf6 26. Rc1 $44) 23... Kg7
24. fxe5 Rh8 $1 $132 {Suddenly the white K has problems, Eljanov-Kempinski,
Kharkov 2002 CBM 89.}) 19... f4 {is not a big threat since >< g6 becomes also
weak.} (19... Be6 20. Qd2 f4 21. Bxf4 Nxd4 22. Nxd4 Qxd4 23. Be3 Qd7 24. Rfd1
Rfd8 25. Bc4 Kh7 26. Qxd7 Bxd7 27. Bd5 $14) 20. Bd2 Nxd4 21. Nxd4 Qxd4 22. Bxg6
f3 23. gxf3 Be6 24. Qe2 Qf6 25. Be4 $14) 19. Re1 Bd5 {Black has successfully
blockaded White's o^ on d5. Although his >> is a bit weakened, his active
pieces give reasonable counterplay.} 20. Bf4 (20. Ne5 $5 {was possible:} Kh7 (
20... Qd6 21. Qd2 Nc6 22. Bxh6 $14) 21. Rb1 Bxa2 22. Rb5 $44) 20... Nc6 21. Ne5
g5 (21... Nxe5 22. Bxe5 Qg5 23. Bf1) 22. Nxc6 Bxc6 (22... bxc6 23. Be5 $14) 23.
Bc4+ $1 (23. Be5 {allows} Qd5) 23... Bd5 $1 (23... Kh7 24. Be5 $16) 24. Qb3
Bxc4 25. Qxc4+ Rf7 {The pin is not dangerous for Black.} 26. Be5 Rc8 27. Qa4 {
provoking some weaknesses.} (27. Qb3 Qa5) 27... a6 28. Qb3 Qa5 29. h4 (29. Bxg7
Kxg7 30. Rad1 Qc3 31. Qe6 Qc6 {with good drawing chances in an _|_ with rooks
and queens.}) 29... Qc3 30. Qe6 Qc6 31. Qb3 Qc3 32. Qe6 Qc6 33. Bxg7 (33. Qb3 {
leads to threefold repetition of moves.}) 33... Qxe6 34. Rxe6 Kxg7 35. hxg5 (
35. h5 Rf6 $11) 35... hxg5 $11 {This R _|_ cannot give White any hopes for a
success.} 36. d5 Rd8 (36... Rc2 $11) 37. Rd1 Rfd7 38. Rb6 Rxd5 39. Rxb7+ Kf8
40. Re1 Rd1 41. Kf1 Rxe1+ 42. Kxe1 Rd4 43. Rb6 Ra4 44. Rf6+ Kg7 45. Rxf5 Kg6
46. Rc5 Rxa2 1/2-1/2

[Event "ESP-chT"]
[Site "Sanxenxo"]
[Date "2004.11.23"]
[Round "6"]
[White "Graf, Alexander"]
[Black "Carlsen, Magnus"]
[Result "1-0"]
[WhiteElo "2646"]
[BlackElo "2581"]
[Annotator "Ribli,Z"]
[PlyCount "57"]
[EventDate "2004.11.18"]
[EventType "team"]
[EventRounds "9"]
[EventCountry "ESP"]
[SourceTitle "CBM 105"]
[Source "ChessBase"]
[SourceDate "2005.04.11"]
[SourceVersion "1"]
[SourceVersionDate "2005.04.11"]
[SourceQuality "1"]

1. Nf3 Nf6 2. c4 e6 3. g3 d5 4. b3 d4 {Der junge norwegische Spieler spielt
gern diese ambitionöse Fortsetzung. Der Zug führt zu scharfem Spiel, die
ruhige Alternative ist 4...Be7, wonach Schwarz im Folgenden mit b6-Bb7 die
Entwicklung des Damenflügels fortsetzen kann.} 5. Bg2 Nc6 (5... c5 $5 6. O-O
Nc6) 6. O-O Be7 7. d3 O-O 8. Na3 {[%cal Ga3c2,Ge2e3]} e5 9. Nc2 {Wir haben
eine ähnliche Stellung, wie in der Benoni-Verteidigung. Schwarz hat
Raumvorteil im Zentrum, aber Weiß kann die Stellung mit e2-e3 sprengen.} a5 (
9... Re8 $5) 10. e3 $5 (10. Bb2 Re8 11. Qd2 Bc5 12. a3 Qe7 13. Rfb1 Bg4 14. h3
Bh5 15. Ng5 h6 16. Ne4 Nxe4 17. Bxe4 Qe6 18. Bg2 $11 {1/2-1/2 Wegerle,J-Volke,
K/Germany 2000/CBM 82 ext (29)}) 10... dxe3 11. Nxe3 Nb4 $5 12. d4 (12. Nxe5 $4
Qd4 $19 {[%cal Rd4a1,Rd4e5]}) 12... exd4 13. Nxd4 Bc5 14. Bb2 $14 {[%csl Gb2,
Gg2] Weiß hat eine ausgezeichnete Stellung - seine Läufer stehen gut und er
hat ein sehr aktives Figurenspiel, weil Schwarz Probleme mit der
Figurenkoordination hat.} Ra6 $1 {[%cal Ga6d6,Gd8d1][%mdl 4] Schwarz bringt
seinen Turm durch die 6. Reihe ins Spiel.} 15. a3 (15. Ndf5 Nd3 16. Bc3 (16.
Bxf6 Rxf6 17. Be4 Bxf5 (17... Bxe3 18. Nxe3 Nc5 19. Bxh7+ $1 Kxh7 20. Qh5+ $16
{[%cal Rh5c5,Rh5h7]}) 18. Nxf5 Nxf2 $1 $17) 16... Re8) 15... Rd6 16. axb4 Bxd4
17. Bxd4 Rxd4 18. Qe1 axb4 19. Qxb4 b6 (19... c6 20. Ra8 $14 (20. Rfd1 Re8 21.
Rxd4 Qxd4 22. Rd1 Qe5 $11)) 20. Ra8 (20. Bc6 Ng4 21. Nxg4 Bxg4 22. Rfe1 Be6 23.
Ra8 Qd6 $11) 20... Qd6 21. Qxd6 Rxd6 22. b4 {[%csl Ga8,Gb4,Gc4,Gg2] Nach
Vereinfachungen hat Weiß einen kleinen Positionsvorteil, weil er positionellen
Druck am Damenflügel hat. Anderseits ist die Bauernstellung symmetrisch und
Schwarz hat keine Schwächen.} Be6 23. Ra7 (23. Rfa1 $14) 23... c5 24. bxc5 (24.
b5 $14) 24... bxc5 25. Rc7 Rc8 (25... Nd7) 26. Rxc8+ Bxc8 27. Ra1 {[%cal Ra1a8,
Ra8g8]} Ra6 28. Rd1 Re6 $4 {Schwarz möchte die weiße Drohung 29.Rd8+ mit 29...
Re8 parieren.} (28... Nd7 $2 29. Bb7 (29. Nf5 $18) 29... Bxb7 30. Rxd7 Ra1+ 31.
Nf1 $18) (28... Bd7 $1 29. Nd5 Ra7 (29... Nxd5 $2 30. Rxd5 $16) 30. Nxf6+ gxf6
$14) {[#]} 29. Bc6 $3 $18 {[%csl Rc8][%cal Rd1d8,Rd8g8,Rd8c8][%mdl 64] Nach
diesem schönen Zug verliert Schwarz eine Figur; er hat keine Verteidigung
gegen 30.Rd8+.} (29. Bc6 Rxc6 30. Rd8+ $18) 1-0

[Event "ESP-chT"]
[Site "Sanxenxo"]
[Date "2004.11.24"]
[Round "7"]
[White "Carlsen, Magnus"]
[Black "Krasenkow, Michal"]
[Result "1/2-1/2"]
[WhiteElo "2581"]
[BlackElo "2676"]
[Annotator "Finkel,A"]
[PlyCount "73"]
[EventDate "2004.11.18"]
[EventType "team"]
[EventRounds "9"]
[EventCountry "ESP"]
[SourceTitle "CBM 105"]
[Source "ChessBase"]
[SourceDate "2005.04.11"]
[SourceVersion "1"]
[SourceVersionDate "2005.04.11"]
[SourceQuality "1"]

1. e4 e5 2. Nf3 Nc6 3. Bb5 a6 4. Ba4 Nf6 5. O-O Nxe4 6. d4 b5 7. Bb3 d5 8. dxe5
Be6 9. Be3 {A solid continuation which usually yields white only a minimal
advantage.} Be7 (9... Nc5 $6 10. Nc3 Nxb3 11. cxb3 $1 $14 {Ponomariov,
R-Kortschnoj,V/Donetsk 2001/CBM 81}) (9... Bc5 {--> 1-0 Akopian,V-Adianto,U/
Tripoli 2004/CBM 102 [Postny,E] (43)}) 10. c3 O-O 11. Nbd2 (11. Re1 Na5 {
--> 0-1 Efimenko,Z-Kaidanov,G/Moscow 2003/CBM 94 [Postny,E] (39)}) 11... Qd7 (
11... Bg4 {--> 1/2-1/2 Sadvakasov,D-Kortschnoj,V/Astana 2003/CBM 93 [Postny,E]
(44)}) 12. Re1 ({Immediate} 12. Nxe4 {leads to a slightly better ending after}
dxe4 13. Qxd7 Bxd7 14. e6 $5 (14. Rfd1 $5 Rad8 15. Rxd7 $5 Rxd7 16. e6 exf3 17.
exd7 Ne5 18. Rd1 Rd8 19. Bf4 Bd6 20. Bxe5 Bxe5 21. Re1 $18 {Hansen,M-Nielsen,J/
DEN 1989}) 14... Bxe6 15. Bxe6 fxe6 16. Nd2 Ne5 17. Nxe4 Nd3 (17... Nc4 $5 18.
Bc1 Rf5 19. b3 Nd6 20. Ng3 Rd5 21. Be3 Bf6 $11 {0-1 Thipsay,P-Sasikiran,K/
Guntur, AP IND 2000}) 18. b3 $14 {Ravi,T-Dridi,A/Moscow 1994}) ({Does not
create any problems for black:} 12. Bc2 {--> 0-1 Ganguly,S-Nielsen,P/Tripoli
2004/CBM 102 [Postny,E] (29)}) 12... f5 (12... Kh8 13. Nxe4 dxe4 14. Qxd7 Bxd7
15. e6 Bxe6 16. Bxe6 fxe6 17. Nd2 Ne5 18. Nxe4 Nd3 19. Re2 $14 {Ivanchuk,
V-Krasenkov,M/Lviv 2000}) ({Much more popular is} 12... Rad8 13. Bc2 Bf5 (13...
Nxd2 14. Qxd2 Bf5 15. Rad1 Bxc2 16. Qxc2 $14 {Golod,V-Mikhalevski,V/Beersheba
1997}) (13... f5 14. exf6 Nxf6 15. a4 Bf5 $5 16. axb5 axb5 17. Bxf5 Qxf5 18.
Ra6 Nb8 19. Ra5 b4 20. Bc5 Bxc5 21. Rxc5 bxc3 22. bxc3 {1/2-1/2 Brodsky,
M-Ernst,S/Dieren 2001/CBM 83 ext (22)}) 14. Nxe4 Bxe4 15. Bxe4 dxe4 16. Qxd7
Rxd7 17. e6 fxe6 18. Nd2 Ne5 19. Nxe4 Nd3 (19... Rfd8 20. f3 Bh4 21. Bf2 Bxf2+
22. Nxf2 Rd5 23. a4 $14 {Bruzon Bautista,L-Ponomariov,R/Mallorca 2004}) 20. Re2
Rf5 21. g3 Kf7 22. a4 h6 23. axb5 axb5 24. Ra6 Re5 $11 {Shirov,A-Mamedyarov,S/
Izmir 2004}) 13. exf6 Nxf6 14. Bc2 {This natural move seems to be harmless for
black, so white should look for an advantage in the other directions.} (14. Qe2
$5 Bd6 15. a4 Na5 16. Bc2 Nc4 17. axb5 axb5 18. Rxa8 Rxa8 19. Nxc4 bxc4 20. Bd4
$16 {Korneev,O-Cruz Lopez Claret,C}) 14... Bf5 (14... Bg4 15. Qe2 Rae8 16. Qf1
Bd6 17. h3 Bh5 18. Nd4 Nxd4 19. cxd4 Ne4 $132 {Van Elst,A-Ackermann,D/Porz 1990
}) 15. Bxf5 (15. Nd4 $6 Nxd4 16. cxd4 Bd6 17. f3 Rae8 18. Nf1 Nh5 19. Bb3 Be6
20. Bf2 Kh8 $15 {Golubovic,G-Popov,S/Cetinje 1991}) (15. Nb3 Rae8 16. Nbd4 Nxd4
17. Bxd4 Bxc2 18. Qxc2 Ne4 $132) 15... Qxf5 16. Nf1 Ne4 ({Very serious
attention deserved} 16... Bd6 $5 {since the knight on f6 could be very
important attacking piece.} 17. Ng3 $140 $6 Bxg3 18. hxg3 Rae8 $15 {[%csl Rg1]
[%cal Gf6g4,Gf5h5]}) 17. Ng3 Nxg3 18. hxg3 Rad8 $5 {[%csl Gd5] Prophilaxis in
case of g4 by white.} (18... Rae8 {[%cal Gc6d8,Gc7c6,Gd8e6]} 19. a4 Nd8 (19...
b4 $6 20. g4 {[%csl Rd5]} Qf7 21. Qd3 $1 $14 {[%csl Ra6]}) 20. axb5 axb5 21. g4
Qd7 22. b4 c6 $13) 19. a4 b4 20. Qe2 (20. Rc1 Rd7 $5 {[%csl Gc7,Ge7]} (20...
Qd7 21. c4 d4 22. Nxd4 Nxd4 23. Qxd4 Qxa4 $13) 21. Nd4 Nxd4 22. cxd4 {[%csl
Ra6][%cal Gc1c6]} Rf6 (22... a5 $6 23. Rc6 Bd6 24. Ra6 Re7 25. Qb3 Rfe8 26.
Rxa5 $14) 23. Qc2 Qxc2 24. Rxc2 b3 $11) 20... bxc3 21. bxc3 Qc8 22. Rad1 (22.
Nd4 $6) 22... Bf6 23. Bg5 $5 h6 $6 {Krasenkov either underestimated white's
chanses in he endgame or just missed white's reply.} (23... Bxc3 24. Bxd8 (24.
Qe6+ $6 Qxe6 25. Rxe6 Rd6 26. Rxd6 cxd6 27. Rxd5 Bb4 $11) 24... Bxe1 25. Bh4
Bb4 (25... Ba5 $6 26. Rxd5 Bb6 27. Qc4 $1 $18 {[%csl Rc6,Rg8]}) 26. Rxd5 Kh8
27. Qd3 h6 $132 {[%cal Gc8e6]}) 24. Qe6+ $1 $14 {Very strong move after which
black has to play very carefully to keep the balance.} (24. Bxf6 Rxf6 25. Nd4
Nxd4 26. cxd4 Rdf8 27. f3 Qd7 $11) 24... Qxe6 25. Rxe6 hxg5 (25... Nb8 26. Bxf6
Rxf6 27. Rxf6 gxf6 28. Nd4 c6 29. Rb1 $1 $14 {[%cal Gb1b7,Gb7c7]}) 26. Rxc6
Rde8 27. Rxc7 $6 (27. g4 $5 Re4 28. Rxa6 Rxg4 29. Rxd5 Rc4 (29... Bxc3 30. Rxg5
Rxg5 31. Nxg5 c5 32. Ne4 Bd4 33. Kf1 $16) 30. Ne5 Bxe5 31. Rxe5 Rxc3 32. Re2
$14) 27... Re4 $1 $11 28. a5 (28. Rxd5 g4 $1 (28... Rxa4 $2 29. Nxg5 $16) 29.
Nd4 Re1+ 30. Kh2 Rb8 $1 $15 {[%csl Rh2][%cal Gb8b1]} 31. Nc2 $140 Rc1 32. Nb4
Rxb4 33. Rxg7+ Kxg7 34. cxb4 Rc4 $15) 28... g4 29. Nd4 Bxd4 30. Rxd4 Re1+ 31.
Kh2 Rxf2 32. Rxg4 (32. Rxd5 $4 Rff1 $19) 32... Rf7 33. Rc8+ Rf8 34. Rxf8+ Kxf8
35. Rg6 Rc1 36. Rxa6 Rxc3 37. Rd6 1/2-1/2

[Event "Drammen Smartfish Masters"]
[Site "Drammen"]
[Date "2004.12.27"]
[Round "1"]
[White "Nielsen, Peter Heine"]
[Black "Carlsen, Magnus"]
[Result "1-0"]
[WhiteElo "2663"]
[BlackElo "2581"]
[Annotator "Huebner,R"]
[PlyCount "127"]
[EventDate "2004.12.27"]
[EventType "tourn"]
[EventRounds "9"]
[EventCountry "NOR"]
[EventCategory "14"]
[SourceTitle "CBM 105"]
[Source "ChessBase"]
[SourceDate "2005.04.11"]
[SourceVersion "1"]
[SourceVersionDate "2005.04.11"]
[SourceQuality "1"]

1. Nf3 Nf6 2. c4 c6 3. d4 d5 4. Nc3 dxc4 5. a4 Bf5 6. Ne5 Nbd7 7. Nxc4 Qc7 8.
g3 e5 9. dxe5 Nxe5 10. Bf4 Nfg4 $6 {Für diesen Zug habe ich keine Vorbilder
gefunden; er scheint neu zu sein. Es ist aber zu bezweifeln, daß er auch gut
ist.} 11. f3 g5 $2 {Dies ist nicht korrekt. Nur mit} (11... Qe7 {kann Schwarz
versuchen, sein Konzept zu rechtfertigen, doch dürfte er nach} 12. fxg4 Nd3+
13. Qxd3 Bxd3 14. Nd6+ Kd7 15. O-O-O {keine Freude daran erleben.}) 12. fxg4
gxf4 13. Nxe5 Qxe5 14. gxf5 Bc5 15. Qc2 $2 (15. Qd3 $18 {ist viel genauer, um
den Schwarzen an der langen Rochade zu hindern und gleichzeitig den Bauern auf
g3 zu decken; zudem droht noch 16.De4.}) 15... O-O-O 16. Qe4 fxg3 {Jetzt kann
Schwarz den Kampf noch fortsetzen.} 17. Bg2 Qd6 18. Qd3 Qf4 ({Auch} 18... gxh2
19. Qxd6 Bxd6 20. Kf2 Be5 {bietet Aussichten auf langwierigen Widerstand.}) 19.
Qxg3 Qd2+ 20. Kf1 Qxb2 $2 (20... Rhg8 21. Ne4 Rxg3 22. Nxd2 Rxg2 23. Ne4 Re8 {
sollte versucht werden:} 24. Kxg2 (24. Nxc5 Rexe2 25. Nd3 Rd2 26. Ra3 Rge2 {
ist für Weiß keineswegs so klar, wie er wünschte.}) 24... Rxe4 25. Rhe1 Rf4 26.
Rf1 Re4 {Schwarz gewinnt noch einen Bauern, und es ist nicht deutlich, ob der
Materialvorteil des Weißen zum Gewinn genügt.}) 21. Rb1 Qxb1+ {Nun gibt es
nichts Besseres:} (21... Qd2 {scheitert an} 22. Bxc6) (21... Qa3 22. Bxc6 {
kommt auf dasselbe hinaus.}) 22. Nxb1 Rd1+ 23. Qe1 Rhd8 24. Be4 $18 Rxe1+ 25.
Kxe1 Rd4 26. Bc2 Kc7 27. e4 a5 28. Ke2 Rc4 29. Kd3 Rd4+ 30. Ke2 Rc4 31. Kd3
Rd4+ 32. Kc3 b5 33. axb5 cxb5 34. Rd1 Rc4+ 35. Kd3 a4 36. Nd2 Rd4+ 37. Ke2 a3
38. Bb3 f6 39. Bd5 Kb6 40. Rc1 Ra4 41. Nb3 Bb4 42. Rc6+ Ka7 43. Nc1 Ra6 44.
Rc7+ Kb6 45. Rb7+ Ka5 46. Nb3+ Ka4 47. Nd4 Bc5 48. Kd3 Bxd4 49. Kxd4 Kb4 50.
Rxh7 a2 51. Bxa2 Rxa2 52. Rh6 Rd2+ 53. Ke3 Rd6 54. e5 Rd5 55. e6 Kc5 56. Rxf6
b4 57. Kf4 Rd4+ 58. Kg5 b3 59. Rf8 Rb4 60. e7 b2 61. e8=Q b1=Q 62. Qe5+ Kc4 63.
Rc8+ Kb3 64. Qc3+ 1-0

[Event "Drammen Smartfish Masters"]
[Site "Drammen"]
[Date "2004.12.30"]
[Round "4"]
[White "Carlsen, Magnus"]
[Black "McShane, Luke J"]
[Result "1/2-1/2"]
[WhiteElo "2581"]
[BlackElo "2629"]
[Annotator "Avrukh,B"]
[PlyCount "42"]
[EventDate "2004.12.27"]
[EventType "tourn"]
[EventRounds "9"]
[EventCountry "NOR"]
[EventCategory "14"]
[SourceTitle "CBM 105"]
[Source "ChessBase"]
[SourceDate "2005.04.11"]
[SourceVersion "1"]
[SourceVersionDate "2005.04.11"]
[SourceQuality "1"]

1. Nf3 Nf6 2. c4 g6 3. Nc3 Bg7 4. e4 d6 5. d4 O-O 6. Be2 e5 7. Be3 Na6 8. O-O
Ng4 9. Bg5 Qe8 10. dxe5 dxe5 11. h3 Nf6 {Recently not the most popular reply.}
({The alternatives} 11... f6) ({and} 11... h6 {can be seen much more often in
tournament practice.}) 12. Be3 {[%cal Gc4c5]} c6 {Once again Black chooses a
rare continuation.} (12... b6 {is considering to be a main line.}) 13. c5 {
The natural reply.} Nh5 14. Nd2 Nf4 15. Bxa6 {This straightforward
continuation appears not to be so dangerous for Black.} (15. Nc4 {should be a
critical continuation.} Nc7 {[%cal Gc7e6,Ge6d4]} ({Worse is} 15... Qe7 16. Nd6
Qg5 17. Bg4 $1 Be6 (17... Bxg4 18. Qxg4 $5 (18. hxg4 {[%cal Gg2g3] is worth
considering}) 18... Qe7 (18... Qxg4 19. hxg4 Nd3 20. Na4 $1 $16) 19. Rfd1 $14))
16. Nd6 Qe7 {with complicated play.}) 15... bxa6 16. Nc4 Qe6 $1 $146 {A very
strong novelty, which actually reabilitates this variation, which was
considered to be bad due to the following game:} (16... Bxh3 $2 17. gxh3 Qe6
18. Nd2 Rad8 (18... Qxh3 19. Qf3 $18) 19. Qf3 Nxh3+ 20. Kh1 $16 {1-0 Schebler,
G-Movsziszian,K/Germany 1997/GER-chT (41) and Black didn't get sufficient
compensation for the piece.}) 17. Nd6 {This move allows Black to force
perpetual check.} ({The alternative was too risky for White:} 17. Bxf4 exf4 18.
Nd6 (18. Qd3 f3 $1) 18... Rb8 {[%csl Gb2]} 19. Rb1 (19. Qd2 f3 $1) 19... Bxc3
20. bxc3 Rxb1 21. Qxb1 f3 $1 22. Re1 fxg2 23. Re3 Qe5 {[%csl Gc5]} 24. Qb4 Be6
25. a3 Qg5 26. Rg3 Qc1+ 27. Kxg2 f5 $1 {[%csl Rg2] and White easily can get a
worse position.}) 17... Nxg2 $1 18. Kxg2 Qxh3+ 19. Kg1 Bg4 20. f3 Qg3+ 21. Kh1
Qh3+ 1/2-1/2